読みが長い市町村TOP50 - Statistics

General Stats
  • This quiz has been taken 2,270 times
  • The average score is 25 of 50
Answer Stats
文字数 都道府県 市町村 % Correct
7 鹿児島県 いちき串木野市
76%
7 鹿児島県 薩摩川内市
74%
7 山梨県 南アルプス市
74%
7 福島県 会津若松市
69%
8 愛媛県 四国中央市
68%
9 鹿児島県 南九州市
67%
7 広島県 東広島市
66%
8 奈良県 大和郡山市
64%
8 千葉県 大網白里市
63%
7 滋賀県 近江八幡市
63%
8 福岡県 北九州市
62%
7 大阪府 東大阪市
61%
7 山口県 山陽小野田市
60%
7 東京都 武蔵村山市
60%
7 東京都 東村山市
59%
7 東京都 西東京市
57%
7 大阪府 大阪狭山市
56%
7 山梨県 富士河口湖町
54%
7 千葉県 南房総市
53%
7 大阪府 千早赤阪村
51%
7 栃木県 那須烏山市
51%
8 広島県 神石高原町
50%
7 兵庫県 丹波篠山市
49%
7 新潟県 南魚沼市
49%
7 秋田県 由利本荘市
48%
7 岩手県 陸前高田市
48%
7 山口県 周防大島町
47%
7 茨城県 常陸大宮市
47%
7 埼玉県 東松山市
46%
7 神奈川県 南足柄市
46%
7 京都府 長岡京市
45%
7 宮城県 東松島市
45%
7 福井県 南越前町
45%
7 長崎県 新上五島町
43%
7 石川県 宝達志水町
43%
7 長崎県 南島原市
43%
7 沖縄県 南大東村
39%
7 大阪府 四條畷市
38%
8 広島県 大崎上島町
37%
7 山梨県 市川三郷町
37%
7 岡山県 吉備中央町
37%
7 鹿児島県 南大隅町
37%
7 宮崎県 都城市
36%
7 長野県 野沢温泉村
35%
7 岐阜県 東白川村
35%
7 千葉県 横芝光町
35%
7 京都府 南山城村
33%
7 宮城県 南三陸町
32%
7 沖縄県 北中城村
29%
7 群馬県 東吾妻町
24%
No matching quizzes found
Score Distribution
Percent of People with Each Score
Percentile by Number Answered
Your Score History
You have not taken this quiz